Jungle mein dhanak / (Record no. 330621)

000 -LEADER
fixed length control field 00867 a2200253 4500
001 - CONTROL NUMBER
control field 46585
003 - CONTROL NUMBER IDENTIFIER
control field NUST
005 - DATE AND TIME OF LATEST TRANSACTION
control field 20170726111559.0
008 - FIXED-LENGTH DATA ELEMENTS--GENERAL INFORMATION
fixed length control field 170607b xxu||||| |||| 00| 0 eng d
020 ## - INTERNATIONAL STANDARD BOOK NUMBER
International Standard Book Number 9789694963105
040 ## - CATALOGING SOURCE
Transcribing agency NUST
082 ## - DEWEY DECIMAL CLASSIFICATION NUMBER
Classification number 891.4391
Author Mark NIA
100 ## - MAIN ENTRY--PERSONAL NAME
Personal name Niazi, Munir
9 (RLIN) 2112
245 ## - TITLE STATEMENT
Title Jungle mein dhanak /
Statement of responsibility, etc. by Munir Niazi
260 ## - PUBLICATION, DISTRIBUTION, ETC.
Place of publication, distribution, etc. Lahore
Name of publisher, distributor, etc. Dost publications,
Date of publication, distribution, etc. 2008
300 ## - PHYSICAL DESCRIPTION
Extent 136 p.
546 ## - LANGUAGE NOTE
Language note In Urdu
651 ## - SUBJECT ADDED ENTRY--GEOGRAPHIC NAME
Geographic name Urdu Literature- Poems
9 (RLIN) 2113
880 ## - ALTERNATE GRAPHIC REPRESENTATION
Title جنگل میں دھنک
Linkage 245-02\(3\r
c منیر نیازی
880 ## - ALTERNATE GRAPHIC REPRESENTATION
Title منیر نیازی
Linkage 100-01\(3\r
880 ## - ALTERNATE GRAPHIC REPRESENTATION
Title اسلام آباد:
Linkage 260-03\(3\r
b دوست پبلی کیشنز،
c 2008.
942 ## - ADDED ENTRY ELEMENTS (KOHA)
Koha item type Book
-- Book
Source of classification or shelving scheme
Holdings
Withdrawn status Lost status Source of classification or shelving scheme Damaged status Not for loan Permanent Location Current Location Shelving location Date acquired Total Checkouts Full call number Barcode Date last seen Copy number Price effective from Koha item type
          Central Library (CL) Central Library (CL) Fiction 07/26/2017   891.4391 NIA CL1866 07/26/2017 1 07/26/2017 Book
© 2023 Central Library, National University of Sciences and Technology. All Rights Reserved.